| 000 | 00537nam a22001937a 4500 | ||
|---|---|---|---|
| 005 | 20220725164224.0 | ||
| 008 | 220725b ||||| |||| 00| 0 eng d | ||
| 040 | _cAL | ||
| 041 | _aEnglish | ||
| 082 |
_223 _a330 _bWICL |
||
| 100 |
_aKnut Wicksell _953206 |
||
| 245 | _aLectures on Political Economy Vol Two: Money | ||
| 260 |
_aLondon _bRoutledge and Kegan Paul Ltd _c1962 |
||
| 300 |
_avi,238 p. _bHB _c22x14.5 cm. |
||
| 650 |
_aEconomics _953207 |
||
| 650 |
_aMoney _953208 |
||
| 700 |
_aWICKSELL (Knut) _953209 |
||
| 942 |
_2ddc _cGF |
||
| 999 |
_c224172 _d224172 |
||